=LDR 00000nam 2200000 4500 =001 INLIS000000000006327 =005 20251107081717 =035 ##$$a 0010-1125000201 =007 ta =008 251107###########################0#eng## =082 ##$$a 362.198 =084 ##$$a 362.198 BAD f =100 #$$a Badan Koordinasi Keluarga Berencana Nasional =245 1#$$a Family Planning Program /$c Badan Koordinasi Keluarga Berencana Nasional =260 ##$:$b Badan Koordinasi Keluarga Berencana Nasional =300 ##$$a 113 Hal : $b Ilus ; $c 21 =650 #4$$a Keluarga Berencana =856 ##$$a Perpustakaan Kemendukbangga